<?xml version="1.0" encoding="UTF-8"?><?xml-stylesheet type="text/xsl" href="static/style.xsl"?><OAI-PMH xmlns="http://www.openarchives.org/OAI/2.0/" xmlns:xsi="http://www.w3.org/2001/XMLSchema-instance" xsi:schemaLocation="http://www.openarchives.org/OAI/2.0/ http://www.openarchives.org/OAI/2.0/OAI-PMH.xsd"><responseDate>2026-04-28T21:13:04Z</responseDate><request verb="GetRecord" identifier="oai:uvadoc.uva.es:10324/50776" metadataPrefix="marc">https://uvadoc.uva.es/oai/request</request><GetRecord><record><header><identifier>oai:uvadoc.uva.es:10324/50776</identifier><datestamp>2022-12-04T22:15:28Z</datestamp><setSpec>com_10324_1187</setSpec><setSpec>com_10324_931</setSpec><setSpec>com_10324_894</setSpec><setSpec>com_10324_28542</setSpec><setSpec>com_10324_952</setSpec><setSpec>col_10324_1408</setSpec><setSpec>col_10324_28543</setSpec></header><metadata><record xmlns="http://www.loc.gov/MARC21/slim" xmlns:doc="http://www.lyncode.com/xoai" xmlns:xsi="http://www.w3.org/2001/XMLSchema-instance" xmlns:dcterms="http://purl.org/dc/terms/" xsi:schemaLocation="http://www.loc.gov/MARC21/slim http://www.loc.gov/standards/marcxml/schema/MARC21slim.xsd">
<leader>00925njm 22002777a 4500</leader>
<datafield tag="042" ind1=" " ind2=" ">
<subfield code="a">dc</subfield>
</datafield>
<datafield tag="720" ind1=" " ind2=" ">
<subfield code="a">Gil Ordóñez, Marta</subfield>
<subfield code="e">author</subfield>
</datafield>
<datafield tag="720" ind1=" " ind2=" ">
<subfield code="a">Maestro Fernández, Alicia</subfield>
<subfield code="e">author</subfield>
</datafield>
<datafield tag="720" ind1=" " ind2=" ">
<subfield code="a">Ortega, Pablo</subfield>
<subfield code="e">author</subfield>
</datafield>
<datafield tag="720" ind1=" " ind2=" ">
<subfield code="a">Jambrina, Pablo G.</subfield>
<subfield code="e">author</subfield>
</datafield>
<datafield tag="720" ind1=" " ind2=" ">
<subfield code="a">Andrés García, José María</subfield>
<subfield code="e">author</subfield>
</datafield>
<datafield tag="260" ind1=" " ind2=" ">
<subfield code="c">2022</subfield>
</datafield>
<datafield tag="520" ind1=" " ind2=" ">
<subfield code="a">Chiral pyrazolones with a spirocyclic centre at the C4-position are widely found in a large family of medically relevant compounds. In recent years, organocatalysis, particularly that performed with quiral N-heterocyclic carbenes (NHCs), has allowed the enantioselective synthesis of these spirocyclic compounds despite its inherent difficulty. In this work, we describe the fully diastereo- and highly enantioselective synthesis of novel spirocyclic pyrazolone γ-butyrolactones via NHC-catalysed [3+2] annulation reaction of enals and 1H-pyrazol-4,5-diones. To understand the catalytic mechanism and origin of stereoselectivity, electronic structure calculations were carried out. After considering various pathways, we concluded that stereoselectivity-determining step is the formation of the lactone that proceeds after addition of the NHC derived homoenolate to the electrophilic carbonyl group of pyrazolin-4,5-dione. Our calculations predict that the free energy barrier is lower for the (RS) product, which is also the main product experimentally obtained.</subfield>
</datafield>
<datafield tag="024" ind2=" " ind1="8">
<subfield code="a">Organic Chemistry Frontiers, 2022, vol. 9, n. 2, p. 420-427</subfield>
</datafield>
<datafield tag="024" ind2=" " ind1="8">
<subfield code="a">2052-4110</subfield>
</datafield>
<datafield tag="024" ind2=" " ind1="8">
<subfield code="a">https://uvadoc.uva.es/handle/10324/50776</subfield>
</datafield>
<datafield tag="024" ind2=" " ind1="8">
<subfield code="a">10.1039/D1QO01462E</subfield>
</datafield>
<datafield tag="245" ind1="0" ind2="0">
<subfield code="a">NHC-catalysed [3+2]-asymmetric annulation between pyrazolin-4,5-diones and enals: Synthesis of novel spirocyclic pyrazolone γ-butyrolactones and computational study of mechanism and stereoselectivity</subfield>
</datafield>
</record></metadata></record></GetRecord></OAI-PMH>